Mapa de ciudades de India - Estadísticas

Estadísticas generales
  • Esta prueba ha sido intentada 73 veces
  • La puntuación promedio es 6 de 12
Respuestas en el mapa
Las respuestas están codificadas por una escala verde-roja en el mapa de la prueba según el % correcto abajo.
 
Estadísticas de respuestas
Respuesta % Correcto
Delhi
88%
Calcuta
77%
Mumbai
77%
Bangalore
57%
Hyderabad
54%
Port Blair
54%
Ahmedabad
52%
Madrás
43%
Lucknow
34%
Thiruvananthapuram
34%
Amritsar
32%
Patna
32%
No se encontraron pruebas coincidentes
Distribución de puntuación
Porcentaje de gente con cada puntuación
Porcentaje por número respondido
Historial de tus puntuaciones
No has intentado esta prueba.